Applied statistics and probability for engineers

Saved in:
Bibliographic Details
Main Author: Montgomery, Douglas C.
Format: Book
Language:Undetermined
Published: Singapore Jonh Wiley & Sons, Inc. 2003
Subjects:
Tags: Add Tag
No Tags, Be the first to tag this record!
Institutions: Trung tâm Học liệu Trường Đại học Cần Thơ
LEADER 00564nam a2200193Ia 4500
001 CTU_94092
008 210402s9999 xx 000 0 und d
020 |c 127000 
082 |a 519.5 
082 |b M787 
100 |a Montgomery, Douglas C. 
245 0 |a Applied statistics and probability for engineers 
245 0 |c Douglas C. Montgomery, George C. Runger 
260 |a Singapore 
260 |b Jonh Wiley & Sons, Inc. 
260 |c 2003 
650 |a Statistics,Probabilities 
904 |i Vương 
980 |a Trung tâm Học liệu Trường Đại học Cần Thơ